| 000 | 01026 a2200217 4500 | ||
|---|---|---|---|
| 003 | Nust | ||
| 005 | 20230103122533.0 | ||
| 010 | _a 2005280525 | ||
| 020 | _a0750647167 | ||
| 040 | _cNust | ||
| 082 | 0 | 0 | _a629.89,TOO |
| 100 | 1 |
_aTooley, Michael H. _9103830 |
|
| 245 | 1 | 0 |
_aPC-based instrumentation and control / _cMike Tooley |
| 250 | _a3rd ed. | ||
| 260 |
_aAmsterdam _aBoston _bElsevier/Butterworth Heinemann _c2005 |
||
| 300 |
_axvi, 496 p. : _bill. ; _c25 cm. |
||
| 505 | _aThe PC (Page-3), PC Expansion Systems (Page-567), Using the Command Line Interface (Page-107), Programming(Page-151), Assembly Language Programming (Page-167), BASIC and Visual BASIC Programming (Page-189), C and C++ Programming (Page-225), The IEEE-488 Bus (Page-250), Interfacing (Page-261), Software Packages (Page-301), Virtual Instruments (Page-325), Applications (Page-355), Reliability and Fault-Finding (Page-393). | ||
| 650 | 0 |
_aAutomatic control _xData processing. _9106716 |
|
| 650 | 0 |
_aMicroprocessors. _918075 |
|
| 942 |
_2ddc _cBK |
||
| 999 |
_c178754 _d178754 |
||